Financial Accounting and Reporting: a global perspective (Record no. 9592)

MARC details
000 -LEADER
fixed length control field 00625nam a22002177a 4500
003 - CONTROL NUMBER IDENTIFIER
control field OSt
005 - DATE AND TIME OF LATEST TRANSACTION
control field 20260410020004.0
008 - FIXED-LENGTH DATA ELEMENTS--GENERAL INFORMATION
fixed length control field 251119b |||||||| |||| 00| 0 eng d
020 ## - INTERNATIONAL STANDARD BOOK NUMBER
International Standard Book Number 9781292293127
040 ## - CATALOGING SOURCE
Transcribing agency DDC
082 ## - DEWEY DECIMAL CLASSIFICATION NUMBER
Classification number 657.3 STO 2019
100 ## - MAIN ENTRY--PERSONAL NAME
Personal name Stolowy, Herve; Paugam, Luc; Ding, Yuan
9 (RLIN) 19521
245 ## - TITLE STATEMENT
Title Financial Accounting and Reporting: a global perspective
250 ## - EDITION STATEMENT
Edition statement 7th ed.
260 ## - PUBLICATION, DISTRIBUTION, ETC. (IMPRINT)
Place of publication, distribution, etc. Harlow; Pearson, 2019
300 ## - PHYSICAL DESCRIPTION
Extent xii,500p. Ill: 25cm
504 ## - BIBLIOGRAPHY, ETC. NOTE
Bibliography, etc Answers, & index included
650 ## - SUBJECT ADDED ENTRY--TOPICAL TERM
Topical term or geographic name as entry element Financial accounting
9 (RLIN) 5655
650 ## - SUBJECT ADDED ENTRY--TOPICAL TERM
Topical term or geographic name as entry element financial reporting
9 (RLIN) 19522
942 ## - ADDED ENTRY ELEMENTS (KOHA)
Source of classification or shelving scheme Other/Generic Classification Scheme
Koha item type Open Shelf
Koha issues (borrowed), all copies 2
Holdings
Withdrawn status Lost status Source of classification or shelving scheme Damaged status Not for loan Home library Current library Date acquired Source of acquisition Inventory number Total Checkouts Total Renewals Full call number Barcode Checked out Date last seen Date last checked out Koha item type
    Dewey Decimal Classification     MUST Main Library MUST Main Library 19/11/2025 Purchase 25/42505 2 1 657.3 STO 2019 2025-0192 23/04/2026 09/04/2026 09/04/2026 Open Shelf
    Dewey Decimal Classification     MUST Main Library MUST Main Library 19/11/2025 Purchase 25/42506     657.3 STO 2019 2025-0193   19/11/2025   Open Shelf